00866nam a22002177a 450000500170000001000150001702000270003203500140005903700090007308200120008210000290009424501030012326000390022627000700026530000420033565000290037765000350040694200260044199900190046795201620048620250127165609.0 aENG-143617 a9789383243099c2800.00 aEN-127149 bDBAD a954.084 aPal, Pratapaditya977162 aIn Pursuit of the Past: Collecting Old Art in Modern India circa 1900 - 1950/cby Pratapaditya Pal aMumbai bThe Marg Foundationc2015 aArmy & Navy Building, 3rd Floor, 148, M.G. Road, bMumbaie400001 a179p. :c31cm(Hb)bill.(chiefly col.) a Sattriya (Dance)977163 a Dance z IndiazAssam.977164 2ddccENmPALh954.084 c208818d208818 001040718NFICaDBADbDBADd2025-01-27eDelivery of Books Act Divisiong2800.00l0oPAL 954.084pEN-127149r2025-01-27 00:00:00t1v2800.00w2025-01-27yEN